| 000 | 01748nam a2200445 i 4500 | ||
|---|---|---|---|
| 001 | ELB69984 | ||
| 003 | FINmELB | ||
| 005 | 20250326043336.0 | ||
| 006 | m o u | ||
| 007 | cr cn||||||||| | ||
| 008 | 170214s2016 ck ob 001 0 spa d | ||
| 020 | _a9789587416749 (e-book) | ||
| 020 | _z9789587416732 | ||
| 035 | _a(OCoLC)984803692 | ||
| 040 |
_aFINmELB _bspa _erda _cFINmELB |
||
| 050 | 4 |
_aK3165 _bE561 2016 |
|
| 080 | _a342 | ||
| 082 | 0 |
_a342 _223 |
|
| 245 | 0 | 0 |
_aEn defensa del Estado de Derecho : _bestudios sobre las tensiones entre la seguridad y la libertad en el mundo de hoy / _cJoan Lluís Pérez Francesch, Viridiana Molinares Hassan, editores ; Joan Lluís Pérez Francesch [y otros 9]. |
| 264 | 1 |
_aBarranquilla : _bUniversidad del Norte, _c2016. |
|
| 300 | _a1 recurso en línea (xiii, 228 páginas) | ||
| 336 |
_atexto _btxt _2rdacontent/spa |
||
| 337 |
_acomputadora _bc _2rdamedia/spa |
||
| 338 |
_arecurso en línea _bcr _2rdacarrier/spa |
||
| 500 | _aIncluye índice. | ||
| 504 | _aContiene bibliografía. | ||
| 588 | _aDescripción basada en metadatos suministrados por el editor y otras fuentes. | ||
| 590 | _aRecurso electrónico. Santa Fe, Arg.: elibro, 2020. Disponible vía World Wide Web. El acceso puede estar limitado para las bibliotecas afiliadas a elibro. | ||
| 650 | 0 | _aConstitutional law. | |
| 650 | 4 | _aDerecho constitucional. | |
| 650 | 0 | _aTerrorism. | |
| 650 | 4 | _aTerrorismo. | |
| 650 | 0 | _aHuman rights. | |
| 650 | 4 | _aDerechos humanos. | |
| 655 | 4 | _aLibros electrónicos. | |
| 700 | 1 |
_aPérez Francesch, Joan Lluís, _eeditor, autor. |
|
| 700 | 1 |
_aMolinares Hassan, Viridiana, _eeditora. |
|
| 797 | 2 | _aelibro, Corp. | |
| 856 | 4 | 0 | _uhttps://elibro.net/ereader/usam/69984 |
| 999 |
_c144856 _d144856 |
||